Problemas actuales del derecho urbans̕tico

Detalles Bibliográficos
Autor principal: Garca̕ Rubio, Fernando
Formato: Desconocido
Lenguaje:español
Publicado: Madrid : Dykinson : Universidad Rey Juan Carlos, 2007
Materias:
Acceso en línea:Acceso restringido

MARC

LEADER 00000ny a22000003n 4500
005 2011061700230.0
008 070321s2007 sp s 000 0 spa c
017 |a D.L. SE.214-2007 
020 |a 849772979X 
035 |a 1831 
040 |a SpMaUCDE  |d vlex 
040 |a UMA.RE  |d vlex 
080 |a 349.44(460) 
090 |c 1412  |d 1412 
100 1 |a Garca̕ Rubio, Fernando 
245 1 0 |a Problemas actuales del derecho urbans̕tico  |h [Recurso electrn̤ico]  |c Fernando Garca̕ Rubio 
256 |a Servicio en ln̕ea 
260 |a Madrid :  |b Dykinson :  |b Universidad Rey Juan Carlos,  |c 2007 
300 |a 301 p. ;  |c 21 cm 
506 1 |a Contenido solo disponible en los productos indicados  |d vLex Global  |d vLex Global (Academic Edition, excluding Law Schools)  |d vLex Global (U.S. Academic Edition, Law Schools)  |d vLex Global (U.S. Academic Edition, excluding Law Schools)  |d vLex Global (Academic Edition, Law Schools) 
650 0 7 |a Inmobiliario y registral  |2 Tesauro vLex 
650 0 7 |a Derecho urbans̕tico  |2 Tesauro vLex 
740 0 |a vLex Libros (Servicios en ln̕ea) 
856 4 0 |u http://vlex.com/source/1831  |z Acceso restringido 
942 |c BOOK